000 01435nam a2200361 a 4500
001 ebr10680812
003 CaPaEBR
006 m u
007 cr cn|||||||||
008 091028s2010 nyua sb 001 0 eng d
010 _z 2009042005
020 _z9781608766208 (softcover)
020 _z9781617284458 (e-book)
040 _aCaPaEBR
_cCaPaEBR
035 _a(OCoLC)703687233
050 1 4 _aBF576
_b.M275 2010eb
082 0 4 _a152.4
_222
100 1 _aMargitics, Ferenc.
245 1 0 _aPersonal strivings as a predictor of emotional intelligence
_h[electronic resource] /
_cFerenc Margitics and Zsuzsa Pauwlik.
260 _aNew York :
_bNova Science Publishers,
_cc2010.
300 _aix, 79 p. :
_bill.
490 1 _aPsychology of emotions, motivations and actions series
504 _aIncludes bibliographical references and index.
533 _aElectronic reproduction.
_bPalo Alto, Calif. :
_cebrary,
_d2013.
_nAvailable via World Wide Web.
_nAccess may be limited to ebrary affiliated libraries.
650 0 _aEmotional intelligence.
650 0 _aAchievement motivation.
650 0 _aAmbition.
655 7 _aElectronic books.
_2local
700 1 _aPauwlik, Zsuzsa.
710 2 _aebrary, Inc.
830 0 _aPsychology of emotions, motivations, and actions series.
856 4 0 _uhttp://site.ebrary.com/lib/rucke/Doc?id=10680812
_zAn electronic book accessible through the World Wide Web; click to view
999 _c60226
_d60226